[Event "Division Honor Aragonesa Grupo A "]
[Site "Aragon"]
[Date "2017.02.25"]
[Round "5.7"]
[White "Ciriano Lamban, Alejandro"]
[Black "Cid Royo, Oscar"]
[Result "1-0"]
[WhiteElo "2012"]
[BlackElo "2044"]
[PlyCount "49"]
[EventDate "2017.01.28"]
[WhiteTeam "Marcos Frechin"]
[BlackTeam "L'Aurora Estadilla"]

1. Nf3 d5 2. c4 c6 3. g3 Nf6 4. Bg2 g6 5. O-O Bg7 6. d4 O-O 7. Nc3 Nbd7 8. cxd5
cxd5 9. Qb3 Nb6 10. Ne5 Be6 11. Rd1 Nfd7 12. Nxd7 Qxd7 13. a4 Nc4 14. a5 Rac8
15. Bf4 a6 16. Qb4 Qc6 17. Rac1 b6 18. b3 bxa5 19. Qxe7 Rfe8 20. Qh4 f6 21.
bxc4 g5 22. Bxg5 fxg5 23. Qxg5 Qxc4 24. Nxd5 h6 25. Nf6+ 1-0

[Event "Division Honor Aragonesa Grupo A "]
[Site "Aragon"]
[Date "2017.02.25"]
[Round "5.8"]
[White "Pellicer Cerezuela, Miguel"]
[Black "Fabre Perez, Jose Maria"]
[Result "1/2-1/2"]
[WhiteElo "2023"]
[BlackElo "1978"]
[PlyCount "126"]
[EventDate "2017.01.28"]
[WhiteTeam "L'Aurora Estadilla"]
[BlackTeam "Marcos Frechin"]

1. d4 d5 2. c4 e6 3. Nc3 Nf6 4. cxd5 exd5 5. Bg5 Be7 6. e3 c6 7. Qc2 Nbd7 8.
Bd3 h6 9. Bh4 Nh5 10. Bxe7 Qxe7 11. Nge2 Nb6 12. O-O-O Bd7 13. Kb1 O-O-O 14.
Na4 Nxa4 15. Qxa4 Kb8 16. Qb3 Nf6 17. Nc3 Bc8 18. h3 Rhe8 19. Rc1 Ne4 20. Bxe4
dxe4 21. Na4 Be6 22. Qc2 Qb4 23. Nc5 Bd5 24. a3 Qa5 25. Na4 Qb5 26. b4 Qd3 27.
Qxd3 exd3 28. Rhg1 d2 29. Rc3 Bxg2 30. Kc2 Rxd4 31. exd4 Re1 32. Kxd2 Rxg1 33.
Rg3 g5 34. Nc3 f5 35. Ne2 f4 36. Nxg1 fxg3 37. fxg3 Kc7 38. Ke3 Kd6 39. h4 gxh4
40. gxh4 Kd5 41. Ne2 Bf1 42. Ng3 Bh3 43. Ne4 Bf5 44. Nf6+ Ke6 45. Nh5 Bc2 46.
Kf4 Kd5 47. Nf6+ Kxd4 48. Ng8 h5 49. Kg5 Bd1 50. Nf6 a5 51. Nxh5 axb4 52. axb4
c5 53. bxc5 Kxc5 54. Nf6 b5 55. h5 Bxh5 56. Kxh5 b4 57. Ne4+ Kd4 58. Nd2 Kc3
59. Ne4+ Kd3 60. Nc5+ Kc4 61. Na4 b3 62. Kg4 Kb4 63. Nb2 Kc3 1/2-1/2

[Event "Division Honor Aragonesa Grupo A "]
[Site "Aragon"]
[Date "2017.02.25"]
[Round "5.9"]
[White "Villuendas Valero, Adrian"]
[Black "Forcen Esteban, Daniel"]
[Result "0-1"]
[WhiteElo "2311"]
[BlackElo "2541"]
[PlyCount "114"]
[EventDate "2017.01.28"]
[WhiteTeam "St. Casablanca B"]
[BlackTeam "Jaime Casas"]

1. d4 d5 2. Bg5 c5 3. dxc5 f6 4. Bh4 e5 5. e4 d4 6. c3 Bxc5 7. Nf3 Nc6 8. Bc4
Nge7 9. O-O Bg4 10. cxd4 Nxd4 11. Qa4+ Bd7 12. Qd1 Bg4 13. Qa4+ Bd7 14. Qd1 b5
15. Be2 Nxe2+ 16. Qxe2 Qb6 17. Rd1 Rd8 18. Nc3 O-O 19. Rac1 a6 20. Nd5 Nxd5 21.
Rxd5 Bd6 22. Rdd1 Be6 23. b3 Ba3 24. Rb1 Rxd1+ 25. Rxd1 Rc8 26. Ne1 Qc6 27. f3
a5 28. Bf2 a4 29. Qd3 Be7 30. Be3 Rd8 31. Qb1 Rxd1 32. Qxd1 axb3 33. axb3 Qc3
34. Qd2 Qxb3 35. Nd3 Qb1+ 36. Kf2 h5 37. Bc5 Bxc5+ 38. Nxc5 Bc4 39. Qd8+ Kh7
40. Qe8 Kh6 41. Nd7 Qa2+ 42. Kg3 Bg8 43. h4 b4 44. Nc5 Qc4 45. Qb8 b3 46. Na4
Kg6 47. Nb2 Qe6 48. Qb4 Bf7 49. Na4 Qd7 50. Nb2 Qc6 51. Qd2 Qc5 52. Na4 Qc2 53.
Qb4 Bc4 54. Qb8 Qd2 55. Qe8+ Bf7 56. Qc6 b2 57. Nc3 Qc1 0-1

[Event "Division Honor Aragonesa Grupo A "]
[Site "Aragon"]
[Date "2017.02.25"]
[Round "5.10"]
[White "Ramiro Ovejero, Juan Luis"]
[Black "Gimenez Martinez, Alberto"]
[Result "1-0"]
[WhiteElo "2386"]
[BlackElo "2204"]
[PlyCount "59"]
[EventDate "2017.01.28"]
[WhiteTeam "Jaime Casas"]
[BlackTeam "St. Casablanca B"]

1. e4 e5 2. Nf3 Nc6 3. Bc4 Nf6 4. d3 Be7 5. O-O O-O 6. Re1 d6 7. a4 Kh8 8. c3
Bg4 9. h3 Bh5 10. Nbd2 Qd7 11. a5 a6 12. Nf1 Bg6 13. Ng3 Rab8 14. d4 exd4 15.
cxd4 d5 16. exd5 Nxd5 17. Ne5 Nxe5 18. dxe5 Rbd8 19. f4 Nb4 20. Qxd7 Rxd7 21.
f5 Bh4 22. fxg6 Bxg3 23. gxf7 Bxe1 24. e6 Rdxf7 25. exf7 Nc6 26. Bf4 Bxa5 27.
Rd1 Bb6+ 28. Kh2 Bd4 29. Re1 g5 30. Bxc7 1-0

[Event "Division Honor Aragonesa Grupo A "]
[Site "Aragon"]
[Date "2017.02.25"]
[Round "5.11"]
[White "Gomez Anadon, Daniel"]
[Black "Quintin Navarro, Alberto"]
[Result "1/2-1/2"]
[WhiteElo "2175"]
[BlackElo "2367"]
[PlyCount "86"]
[EventDate "2017.01.28"]
[WhiteTeam "St. Casablanca B"]
[BlackTeam "Jaime Casas"]

1. Nf3 c5 2. g3 g6 3. Bg2 Bg7 4. c4 Nc6 5. Nc3 d6 6. O-O Bf5 7. b3 Qd7 8. Bb2
e5 9. Nd5 Nge7 10. d3 O-O 11. Qd2 Nxd5 12. cxd5 Ne7 13. e4 Bh3 14. b4 Bxg2 15.
Kxg2 b6 16. Bc3 h6 17. bxc5 bxc5 18. Rfb1 f5 19. Qc2 g5 20. Rb2 fxe4 21. dxe4
Ng6 22. Ne1 Rf7 23. Qd1 Raf8 24. h3 Rf6 25. Rab1 Qf7 26. Qe2 h5 27. Kg1 Ne7 28.
Rb8 Nc8 29. R1b7 Qg6 30. Rc7 Rxf2 31. Qxf2 Rxf2 32. Kxf2 Qxe4 33. Rbxc8+ Kh7
34. Rd8 Qf5+ 35. Kg2 Qe4+ 36. Kh2 Qc4 37. Rdd7 Qxc3 38. Rxg7+ Kh6 39. Ng2 Qd2
40. Rcf7 e4 41. Rh7+ Kg6 42. Rhg7+ Kh6 43. Rh7+ Kg6 1/2-1/2

[Event "Division Honor Aragonesa Grupo A "]
[Site "Aragon"]
[Date "2017.02.25"]
[Round "5.12"]
[White "Fontana Sotomayor, Luis Javier"]
[Black "Arregui Untoria, Carlos"]
[Result "1-0"]
[WhiteElo "2251"]
[BlackElo "2075"]
[PlyCount "75"]
[EventDate "2017.01.28"]
[WhiteTeam "Jaime Casas"]
[BlackTeam "St. Casablanca B"]

1. d4 d5 2. Nf3 Bf5 3. c4 e6 4. Nc3 c6 5. Qb3 Qb6 6. c5 Qc7 7. Bf4 Qc8 8. Nh4
Nf6 9. Nxf5 exf5 10. h3 Nbd7 11. Qc2 g6 12. e3 Bg7 13. b4 O-O 14. Be2 Re8 15.
O-O Nf8 16. b5 Ne6 17. Be5 Ne4 18. Bxg7 Kxg7 19. Nxe4 fxe4 20. Rfb1 Qc7 21. Rb4
Re7 22. Qa4 Nd8 23. Rab1 f5 24. bxc6 bxc6 25. Ba6 Kh6 26. g3 g5 27. Rb7 Nxb7
28. Rxb7 Rb8 29. Rxc7 Rxc7 30. Kg2 f4 31. exf4 gxf4 32. gxf4 Rg7+ 33. Kf1 Rb1+
34. Ke2 Rb2+ 35. Ke3 Rg1 36. Qxc6+ Kg7 37. Qc7+ Kf8 38. f5 1-0

[Event "Division Honor Aragonesa Grupo A "]
[Site "Aragon"]
[Date "2017.02.25"]
[Round "5.13"]
[White "Lana Rodriguez, David"]
[Black "Baron Rodriguez, Jesus"]
[Result "1/2-1/2"]
[WhiteElo "2263"]
[BlackElo "2430"]
[PlyCount "127"]
[EventDate "2017.01.28"]
[WhiteTeam "Agrupacion"]
[BlackTeam "IberCaja"]

1. Nf3 d5 2. d4 Nf6 3. Bf4 e6 4. e3 Nbd7 5. Bd3 Nh5 6. Bg5 Be7 7. Bxe7 Qxe7 8.
Ne5 Nhf6 9. O-O Nxe5 10. dxe5 Nd7 11. f4 Nc5 12. Nc3 Bd7 13. Kh1 O-O-O 14. Rb1
f6 15. b4 Nxd3 16. Qxd3 fxe5 17. fxe5 Rhf8 18. Qd4 Kb8 19. Rf4 Rxf4 20. exf4
Rf8 21. a3 Qh4 22. Rf1 g5 23. g3 Qg4 24. Kg2 b6 25. Rf2 gxf4 26. Rxf4 Rxf4 27.
Qxf4 Qg6 28. Qf2 d4 29. Qxd4 Qxc2+ 30. Kh3 Bc6 31. Kg4 Qxh2 32. b5 Bg2 33. Qd3
Qh3+ 34. Kg5 Bf1 35. Qf3 Bg2 36. Qf4 Kb7 37. Kf6 a6 38. a4 axb5 39. axb5 h5 40.
Ke7 Qf5 41. Qxf5 exf5 42. e6 c6 43. Kf6 cxb5 44. Nxb5 f4 45. gxf4 h4 46. e7 Bc6
47. Nd4 Bd7 48. Ke5 h3 49. Nf3 b5 50. f5 b4 51. f6 Be8 52. Ke6 b3 53. f7 Bxf7+
54. Kxf7 b2 55. e8=Q b1=Q 56. Qd7+ Ka8 57. Qxh3 Qb7+ 58. Kf6 Qc6+ 59. Kg5 Qd5+
60. Kf4 Qc4+ 61. Kg3 Qc7+ 62. Kg2 Qc2+ 63. Kh1 Qd1+ 64. Ng1 1/2-1/2

[Event "Division Honor Aragonesa Grupo A "]
[Site "Aragon"]
[Date "2017.02.25"]
[Round "5.14"]
[White "Hefty, Jorge W"]
[Black "Ramon Perez, Jose Luis"]
[Result "1-0"]
[WhiteElo "2369"]
[BlackElo "2256"]
[PlyCount "135"]
[EventDate "2017.01.28"]
[WhiteTeam "IberCaja"]
[BlackTeam "Agrupacion"]

1. d4 Nf6 2. c4 g6 3. Nc3 Bg7 4. e4 d6 5. Be2 O-O 6. Nf3 e5 7. dxe5 dxe5 8.
Qxd8 Rxd8 9. Bg5 Na6 10. Nd5 Rd6 11. Bxf6 Bxf6 12. Nxf6+ Rxf6 13. Nxe5 Nc5 14.
f3 Rb6 15. Rb1 f5 16. Nd3 Nxd3+ 17. Bxd3 fxe4 18. Bxe4 Be6 19. b3 Bf5 20. Bxf5
gxf5 21. Kf2 Rd8 22. Rbd1 Rbd6 23. Rxd6 Rxd6 24. Re1 Kf7 25. Re2 Rd3 26. Kg3
Kf6 27. Re8 a5 28. Rc8 Rd7 29. Rf8+ Ke5 30. Re8+ Kf6 31. Ra8 b6 32. Ra7 Ke5 33.
c5 f4+ 34. Kh3 bxc5 35. Rxa5 Rd5 36. Ra8 Rd2 37. g3 Rf2 38. Ra4 fxg3 39. Kxg3
Rc2 40. h3 Rd2 41. Ra5 Kd6 42. f4 Rc2 43. Ra4 Ke6 44. Kg4 Rg2+ 45. Kh5 Kf5 46.
h4 Rh2 47. Ra5 Kxf4 48. Ra4+ Ke5 49. Kh6 c4 50. Rxc4 Rxa2 51. Rxc7 Ra6+ 52.
Kxh7 Rb6 53. Rc5+ Kf6 54. Rc3 Rb4 55. Rf3+ Ke7 56. h5 Rg4 57. Rf2 Rb4 58. Rf3
Rg4 59. Rc3 Rb4 60. Kg6 Rb6+ 61. Kg7 Rb4 62. Re3+ Kd8 63. h6 Rb7+ 64. Kf6 Rb6+
65. Re6 Rxb3 66. h7 Rh3 67. Kg7 Kd7 68. Rg6 1-0

[Event "Division Honor Aragonesa Grupo A "]
[Site "Aragon"]
[Date "2017.02.25"]
[Round "5.15"]
[White "Barrantes Munoz, Hugo Pedro"]
[Black "Martinez Cebolla, Alberto"]
[Result "0-1"]
[WhiteElo "2239"]
[BlackElo "2045"]
[PlyCount "68"]
[EventDate "2017.01.28"]
[WhiteTeam "Agrupacion"]
[BlackTeam "IberCaja"]

1. d4 Nf6 2. Nf3 e6 3. e3 b6 4. Bd3 Bb7 5. b3 c5 6. Nbd2 d5 7. Bb2 Nc6 8. O-O
Qc7 9. Ne5 Nxe5 10. dxe5 Nd7 11. f4 O-O-O 12. Qe2 Kb8 13. e4 d4 14. c3 dxc3 15.
Bxc3 Ka8 16. a4 a5 17. Nc4 Nb8 18. Na3 Nc6 19. Rac1 Qb8 20. Nb5 Be7 21. Kh1 Rd7
22. Bc4 Nd4 23. Qe1 Nxb5 24. Bxb5 Rdd8 25. f5 exf5 26. exf5 Bd5 27. Rd1 Qb7 28.
Rxd5 Rxd5 29. Bc4 Rhd8 30. Bxd5 Qxd5 31. f6 gxf6 32. exf6 Bd6 33. Bxa5 Rg8 34.
Qd2 Qe5 0-1

[Event "Division Honor Aragonesa Grupo A "]
[Site "Aragon"]
[Date "2017.02.25"]
[Round "5.16"]
[White "Torcal Miguel, Oscar"]
[Black "Roque Sola, Jose Luis"]
[Result "1/2-1/2"]
[WhiteElo "1980"]
[BlackElo "2177"]
[PlyCount "51"]
[EventDate "2017.01.28"]
[WhiteTeam "IberCaja"]
[BlackTeam "Agrupacion"]

1. e4 e6 2. d3 d5 3. Nd2 Nf6 4. Ngf3 c5 5. g3 b6 6. Bg2 Bb7 7. e5 Nfd7 8. O-O
Nc6 9. Re1 Qc7 10. Qe2 Be7 11. c3 O-O 12. Nf1 Rfd8 13. h4 Nf8 14. h5 h6 15. Bf4
Nh7 16. N1h2 b5 17. Ng4 Bf8 18. Nh4 d4 19. Be4 Na5 20. cxd4 Rxd4 21. Nf3 Rd7
22. d4 Bxe4 23. Qxe4 Rad8 24. dxc5 Qxc5 25. Rac1 Qb4 26. Qc2 1/2-1/2

[Event "Division Honor Aragonesa Grupo B"]
[Site "Aragon"]
[Date "2017.02.25"]
[Round "5.17"]
[White "Garza Marco, Sergio"]
[Black "Nicolas Zapata, Irene"]
[Result "0-1"]
[WhiteElo "2398"]
[BlackElo "2252"]
[PlyCount "110"]
[EventDate "2017.01.28"]
[WhiteTeam "Helios"]
[BlackTeam "Teruel"]

1. d4 Nf6 2. c4 e6 3. Nc3 d5 4. cxd5 exd5 5. Bg5 c6 6. e3 Be7 7. Bd3 Nbd7 8.
Qc2 Nf8 9. Nge2 Bg4 10. f3 Bh5 11. O-O Bg6 12. Rad1 h6 13. Bxf6 Bxf6 14. e4
dxe4 15. Bxe4 Bxe4 16. fxe4 Ng6 17. e5 Bg5 18. e6 Ne7 19. exf7+ Kf8 20. Ne4 Nd5
21. Qb3 Qb6 22. Qa3+ Be7 23. Nc5 Nf6 24. Qe3 Bxc5 25. dxc5 Qc7 26. Nf4 Qxf7 27.
Ne6+ Kg8 28. Nd8 Qh5 29. Qb3+ Kh7 30. Nxb7 Rhe8 31. h3 Rab8 32. Qd3+ Kh8 33.
Rf5 Qg6 34. Nd6 Rxb2 35. Rf2 Re1+ 36. Rxe1 Qxd3 37. Rxb2 Qc3 38. Rb8+ Kh7 39.
Rd1 Nd5 40. Ne4 Qe5 41. Nd6 Qe2 42. Rdb1 Nc3 43. Rf1 Qe3+ 44. Kh1 Qxc5 45. Nf5
Ne4 46. Rb2 Qc4 47. Re1 Qc3 48. Rbe2 Nf2+ 49. Kh2 Nd3 50. Rf1 Ne5 51. Re3 Qc4
52. Rf2 Ng6 53. Rb3 Qc5 54. Rbb2 Qe5+ 55. Kg1 Nf4 0-1

[Event "Division Honor Aragonesa Grupo B"]
[Site "Aragon"]
[Date "2017.02.25"]
[Round "5.18"]
[White "Garcia Fernandez, Javier"]
[Black "Guzman Moneo, Alberto"]
[Result "0-1"]
[WhiteElo "2166"]
[BlackElo "2219"]
[PlyCount "70"]
[EventDate "2017.01.28"]
[WhiteTeam "Teruel"]
[BlackTeam "Helios"]

1. e4 e5 2. Nf3 Nc6 3. d4 exd4 4. Bc4 Nf6 5. e5 Ng4 6. Qe2 Qe7 7. Bf4 f6 8.
exf6 Nxf6 9. Nbd2 d5 10. Bb5 Qxe2+ 11. Kxe2 a6 12. Bxc6+ bxc6 13. Bxc7 c5 14.
b4 cxb4 15. Nxd4 Ne4 16. Rhe1 Kf7 17. Ba5 Rb8 18. f3 Nxd2 19. Kxd2 Bd6 20. g3
Bd7 21. c3 Rhc8 22. Rab1 Rc4 23. Rec1 Rxc3 24. Rxc3 bxc3+ 25. Kc1 Ba3+ 26. Kc2
Ba4+ 27. Nb3 d4 28. Kd3 Rb5 29. Bc7 Rb4 30. Be5 Bb5+ 31. Kc2 d3+ 32. Kxc3 Rc4+
33. Kd2 Rc2+ 34. Ke3 Re2+ 35. Kd4 Bb2+ 0-1

[Event "Division Honor Aragonesa Grupo B"]
[Site "Aragon"]
[Date "2017.02.25"]
[Round "5.19"]
[White "Cerrajeria Ruiz, Jesus Maria"]
[Black "Dominguez Bujeda, Jesus"]
[Result "1-0"]
[WhiteElo "2187"]
[BlackElo "2104"]
[PlyCount "57"]
[EventDate "2017.01.28"]
[WhiteTeam "Helios"]
[BlackTeam "Teruel"]

1. g3 e5 2. Bg2 Bc5 3. Nf3 Nc6 4. Nxe5 Nxe5 5. d4 Bd6 6. dxe5 Bxe5 7. Nd2 Ne7
8. e4 d6 9. Nc4 Bf6 10. O-O O-O 11. c3 Be6 12. Na5 Rb8 13. f4 Nc6 14. Nxc6 bxc6
15. Qa4 c5 16. Rf2 Qd7 17. Qa6 Qc8 18. Qa5 Rb6 19. e5 dxe5 20. Qxc5 exf4 21.
Bxf4 Bd8 22. a4 Bh3 23. Be4 Re6 24. Bxh7+ Kxh7 25. Qxf8 Re7 26. Rd1 Qe6 27.
Rfd2 Re8 28. Qc5 Be7 29. Qd5 1-0

[Event "Division Honor Aragonesa Grupo B"]
[Site "Aragon"]
[Date "2017.02.25"]
[Round "5.20"]
[White "Martin Catalan, Juan Vicente"]
[Black "Calvo Simon, Jorge"]
[Result "1/2-1/2"]
[WhiteElo "2059"]
[BlackElo "2142"]
[PlyCount "103"]
[EventDate "2017.01.28"]
[WhiteTeam "Teruel"]
[BlackTeam "Helios"]

1. d4 Nf6 2. Bf4 g6 3. Nf3 Bg7 4. e3 d6 5. h3 O-O 6. Be2 c5 7. c3 b6 8. O-O Bb7
9. Nbd2 Nbd7 10. a4 cxd4 11. exd4 Nh5 12. Bh2 Bh6 13. a5 Nf4 14. Bxf4 Bxf4 15.
axb6 axb6 16. Rxa8 Qxa8 17. Qa1 Qc8 18. Qa4 Qc7 19. Qc4 Qxc4 20. Bxc4 Ra8 21.
Rd1 Nf6 22. Ne1 Bh6 23. Nc2 Bd5 24. Nb4 Bb7 25. Nf1 e6 26. f3 d5 27. Bb3 Ne8
28. Kf2 Nd6 29. Ne3 b5 30. Ke2 Nc4 31. Bxc4 bxc4 32. g3 Kf8 33. f4 Ke8 34. h4
Bf8 35. Nec2 h5 36. Ra1 Rxa1 37. Nxa1 Kd7 38. Nac2 Bc6 39. Ne3 Ba4 40. Nbc2 Kc6
41. Na1 Bb3 42. Nf1 f6 43. Nd2 Ba4 44. Nf3 Bh6 45. Kf2 Kd6 46. Ke2 Ke7 47. Kf2
Bb3 48. Nd2 Ba4 49. Nf3 Kd6 50. Ke2 Bg7 51. Kd2 Kd7 52. Ke1 1/2-1/2

[Event "Division Honor Aragonesa Grupo B"]
[Site "Aragon"]
[Date "2017.02.25"]
[Round "5.21"]
[White "Cebrian Valverde, Jose Antonio"]
[Black "Adla, Diego"]
[Result "0-1"]
[WhiteElo "2137"]
[BlackElo "2398"]
[PlyCount "56"]
[EventDate "2017.01.28"]
[WhiteTeam "San Jose"]
[BlackTeam "St. Casablanca"]

1. d4 Nf6 2. c4 e6 3. g3 c5 4. d5 exd5 5. cxd5 d6 6. Nc3 g6 7. Bg5 h6 8. Bf4 a6
9. h4 Bg7 10. Qd2 b5 11. Qe3+ Kf8 12. Bg2 Ra7 13. Qd2 Re7 14. e3 Bf5 15. Nge2
b4 16. Na4 Ne4 17. Bxe4 Bxe4 18. O-O Bf3 19. a3 bxa3 20. Rxa3 g5 21. Re1 Bxe2
22. Rxe2 gxf4 23. exf4 Bd4 24. b4 Rxe2 25. Qxe2 cxb4 26. Rb3 a5 27. Qc4 Bf6 28.
Qb5 Kg7 0-1

[Event "Division Honor Aragonesa Grupo B"]
[Site "Aragon"]
[Date "2017.02.25"]
[Round "5.22"]
[White "Glavina, Pablo"]
[Black "Gracia Suarez, Jesus"]
[Result "1-0"]
[WhiteElo "2391"]
[BlackElo "2090"]
[PlyCount "47"]
[EventDate "2017.01.28"]
[WhiteTeam "St. Casablanca"]
[BlackTeam "San Jose"]

1. c4 c5 2. Nf3 Nf6 3. Nc3 d5 4. cxd5 Nxd5 5. g3 Nc6 6. Bg2 Nc7 7. O-O e5 8. a4
Be7 9. a5 O-O 10. d3 f6 11. Be3 Be6 12. Nd2 Qd7 13. Qa4 Nd5 14. Rfc1 Nxe3 15.
fxe3 f5 16. a6 e4 17. axb7 Rab8 18. dxe4 Rxb7 19. exf5 Qxd2 20. fxe6 Qxe3+ 21.
Kh1 Rf2 22. Qxc6 Rxb2 23. Qe8+ Bf8 24. e7 1-0

[Event "Division Honor Aragonesa Grupo B"]
[Site "Aragon"]
[Date "2017.02.25"]
[Round "5.23"]
[White "Gimeno Oteo, Marco Antonio"]
[Black "Lopez Gracia, Fernando"]
[Result "0-1"]
[WhiteElo "2071"]
[BlackElo "2302"]
[PlyCount "79"]
[EventDate "2017.01.28"]
[WhiteTeam "San Jose"]
[BlackTeam "St. Casablanca"]

1. e4 e5 2. Nf3 Nc6 3. Bc4 Nf6 4. d4 exd4 5. O-O Nxe4 6. Re1 d5 7. Bxd5 Qxd5 8.
Nc3 Qh5 9. Nxe4 Be6 10. Bg5 Bd6 11. Nxd6+ cxd6 12. Bf4 Qd5 13. c4 Qxc4 14. Bxd6
Qd5 15. Ba3 O-O-O 16. Rc1 Kb8 17. Rc5 Qxa2 18. Qd2 Rd5 19. Rcc1 Rhd8 20. Qf4+
Ka8 21. Nd2 Rf5 22. Qh4 Qd5 23. Rc5 Qd7 24. Qxh7 Rxc5 25. Bxc5 Qd5 26. Ba3 Qa5
27. Rd1 Bf5 28. Qh5 Bc2 29. Qxa5 Nxa5 30. Re1 Nc6 31. f3 b5 32. Bc5 Kb7 33. Kf2
a5 34. Rc1 Bb3 35. Re1 a4 36. g4 b4 37. h4 Ka6 38. h5 Bc2 39. Rc1 b3 40. Rf1
0-1

[Event "Division Honor Aragonesa Grupo B"]
[Site "Aragon"]
[Date "2017.02.25"]
[Round "5.24"]
[White "Goni Navarro, Pablo"]
[Black "Palomar Ramon, Santiago"]
[Result "1/2-1/2"]
[WhiteElo "2135"]
[BlackElo "1944"]
[PlyCount "108"]
[EventDate "2017.01.28"]
[WhiteTeam "St. Casablanca"]
[BlackTeam "San Jose"]

1. c4 e5 2. g3 Nf6 3. Bg2 c6 4. d4 d6 5. Nc3 Nbd7 6. e4 Be7 7. Nge2 O-O 8. O-O
Re8 9. b3 Nf8 10. Bb2 Bd7 11. Qd2 Qc8 12. Rfe1 Bh3 13. Bh1 Nh5 14. Rad1 h6 15.
Qc2 Ng6 16. a3 Qg4 17. f3 Qg5 18. Bc1 Qf6 19. Bg2 Bxg2 20. Kxg2 Rad8 21. b4 Bf8
22. d5 Ne7 23. Be3 cxd5 24. Nxd5 Nxd5 25. Rxd5 b6 26. a4 Qe6 27. a5 Nf6 28.
axb6 axb6 29. Rb5 Rc8 30. Rc1 Nd7 31. Qd3 Rc6 32. Qd5 Rec8 33. g4 Rxc4 34. Rxc4
Rxc4 35. Bxb6 Rc2 36. Kf2 Qf6 37. Qd3 Rb2 38. Be3 Qh4+ 39. Kg2 Qd8 40. Bc1 Ra2
41. Ra5 Rxa5 42. bxa5 Qxa5 43. Be3 Nb6 44. Qb3 Qa6 45. Nc3 Qc4 46. Qb2 Na4 47.
Nxa4 Qxa4 48. Qb7 Qc2+ 49. Bf2 g6 50. Qd7 Qc4 51. Qb7 Kg7 52. Bh4 Qa2+ 53. Bf2
Qe6 54. Bh4 Qa2+ 1/2-1/2

[Event "Division Honor Aragonesa Grupo B"]
[Site "Aragon"]
[Date "2017.02.25"]
[Round "5.25"]
[White "Salamero Pelay, Fernando"]
[Black "Baquedano Coarasa, Pablo"]
[Result "1/2-1/2"]
[WhiteElo "2163"]
[BlackElo "2214"]
[PlyCount "161"]
[EventDate "2017.01.28"]
[WhiteTeam "Atletismo Huesca"]
[BlackTeam "Palacio de Pioneros"]

1. e4 c5 2. Nf3 d6 3. d4 cxd4 4. Nxd4 Nf6 5. Nc3 a6 6. Bg5 e6 7. f4 Nbd7 8. Qe2
Qa5 9. O-O-O Be7 10. Kb1 h6 11. Bh4 Nc5 12. e5 dxe5 13. fxe5 Nd5 14. Nxd5 Bxh4
15. b4 Qd8 16. Nc3 Qb6 17. Qc4 Be7 18. Nf5 exf5 19. Nd5 Qc6 20. Nxe7 Kxe7 21.
Rd6 Qc7 22. Qxc5 Qxc5 23. bxc5 Be6 24. c6 bxc6 25. Rxc6 Rhc8 26. Rxc8 Rxc8 27.
Bxa6 Ra8 28. Bd3 f4 29. Rf1 g5 30. g3 fxg3 31. hxg3 Rxa2 32. Rf6 Ra5 33. Rxh6
Rxe5 34. Rh1 Re3 35. Rg1 Rf3 36. Kb2 Kd6 37. Kc3 Kc5 38. Kd2 Kd4 39. c3+ Kd5
40. Be2 Rf2 41. Ke3 Rh2 42. Ra1 Ke5 43. c4 Rh3 44. Ra5+ Kf6 45. Kf3 Rh1 46. Rc5
Rc1 47. Bd3 g4+ 48. Kf2 Ke7 49. Ke3 Re1+ 50. Kf2 Rc1 51. Ke3 Rg1 52. Kf2 Rd1
53. Ke3 Re1+ 54. Kf2 Kd6 55. Rg5 Rc1 56. Ke3 f6 57. Rg6 Ke5 58. Be2 Rc3+ 59.
Kf2 f5 60. Rg7 Bxc4 61. Rc7 Kd4 62. Bxc4 Rc2+ 63. Kf1 Rc1+ 64. Kf2 Rxc4 65.
Rxc4+ Kxc4 66. Ke3 Kd5 67. Kd3 Kc5 68. Ke3 Kd6 69. Kd2 Ke6 70. Ke2 Kf6 71. Kd2
Kg5 72. Ke3 Kf6 73. Kd2 Kg6 74. Ke2 Kh5 75. Kf2 Kg5 76. Ke3 f4+ 77. gxf4+ Kf5
78. Ke2 Kxf4 79. Kf2 g3+ 80. Kg2 Kg4 81. Kg1 1/2-1/2

[Event "Division Honor Aragonesa Grupo B"]
[Site "Aragon"]
[Date "2017.02.25"]
[Round "5.26"]
[White "Romero Pallares, Daniel"]
[Black "Gella Lopez, Angel"]
[Result "1-0"]
[WhiteElo "2211"]
[BlackElo "2101"]
[PlyCount "89"]
[EventDate "2017.01.28"]
[WhiteTeam "Palacio de Pioneros"]
[BlackTeam "Atletismo Huesca"]

1. e4 c5 2. Nf3 e6 3. b3 Nc6 4. Bb2 Nf6 5. e5 Nd5 6. c4 Nf4 7. g3 Ng6 8. h4 d6
9. exd6 Qxd6 10. Bg2 h5 11. O-O e5 12. Ng5 Be7 13. Nc3 Bxg5 14. Ne4 Qe7 15.
Nxg5 Bg4 16. Qc2 O-O 17. Bd5 Qf6 18. f4 Nd4 19. Bxd4 exd4 20. Rae1 Bf5 21. Qd1
Bg4 22. Qc2 Bf5 23. Ne4 Qb6 24. d3 Ne7 25. Ng5 Nxd5 26. cxd5 Qb5 27. Rf3 Rfe8
28. Re5 Bg4 29. Rf2 b6 30. Ne4 Qd7 31. Rg5 Kf8 32. f5 f6 33. Rxg4 hxg4 34. Qe2
Qxd5 35. Qxg4 Rad8 36. h5 Qf7 37. Rh2 Re5 38. h6 Kg8 39. hxg7 Qxg7 40. Nxf6+
Kf8 41. Nh7+ Kf7 42. Ng5+ Ke8 43. Rh7 Re1+ 44. Kf2 Qg8 45. Qh5+ 1-0

[Event "Division Honor Aragonesa Grupo B"]
[Site "Aragon"]
[Date "2017.02.25"]
[Round "5.27"]
[White "Luis Vitalla, Fernando"]
[Black "Palacios Herrero, Pablo"]
[Result "1/2-1/2"]
[WhiteElo "2086"]
[BlackElo "2095"]
[PlyCount "123"]
[EventDate "2017.01.28"]
[WhiteTeam "Atletismo Huesca"]
[BlackTeam "Palacio de Pioneros"]

1. d4 e6 2. Nf3 Nf6 3. c4 d5 4. Nc3 Nbd7 5. Bg5 Be7 6. e3 h6 7. Bh4 O-O 8. Rc1
Re8 9. a3 c6 10. Qc2 a6 11. Bd3 dxc4 12. Bxc4 b5 13. Ba2 Bb7 14. O-O Rc8 15.
Rfd1 Qb6 16. e4 c5 17. d5 exd5 18. e5 Nh7 19. Nxd5 Bxd5 20. Bxd5 Nhf8 21. Qf5
Ne6 22. Bxe6 fxe6 23. Qg4 Bxh4 24. Rxd7 Be7 25. Rcd1 Rcd8 26. R1d6 Rxd7 27.
Qxe6+ Kf8 28. Qf5+ Kg8 29. Qxd7 Bxd6 30. Qxe8+ Bf8 31. e6 Qd6 32. Qd7 Qf4 33.
Qd2 Qe4 34. Qe1 Qxe1+ 35. Nxe1 Bd6 36. g3 Kf8 37. f4 g6 38. Nf3 Ke7 39. Nh4 Kf6
40. Kf2 g5 41. fxg5+ hxg5 42. Nf3 Be7 43. h4 gxh4 44. gxh4 Kxe6 45. Ke3 Kd5 46.
Kd3 c4+ 47. Kc2 Ke4 48. Ng5+ Ke3 49. Ne6 Bxh4 50. Nc7 Kd4 51. Nxa6 Bg3 52. Nb4
Bh2 53. Na2 Kc5 54. Nc3 Be5 55. Ne4+ Kd5 56. Nc3+ Bxc3 57. Kxc3 Kc5 58. b3 cxb3
59. Kxb3 Kc6 60. Kb4 Kb6 61. a4 bxa4 62. Kxa4 1/2-1/2

[Event "Division Honor Aragonesa Grupo B"]
[Site "Aragon"]
[Date "2017.02.25"]
[Round "5.28"]
[White "Iglesias Fernandez, Luis"]
[Black "Gella Bitrian, Diego"]
[Result "0-1"]
[WhiteElo "1861"]
[BlackElo "2000"]
[PlyCount "106"]
[EventDate "2017.01.28"]
[WhiteTeam "Palacio de Pioneros"]
[BlackTeam "Atletismo Huesca"]

1. d4 Nf6 2. Nf3 g6 3. Bf4 Bg7 4. e3 O-O 5. Be2 d6 6. h3 c5 7. c3 Nbd7 8. O-O
Re8 9. Nbd2 b6 10. Bb5 Bb7 11. dxc5 bxc5 12. Qa4 a6 13. Bxd7 Qxd7 14. Qxd7 Nxd7
15. Nc4 Rab8 16. Rad1 Nf6 17. Nfd2 Bc6 18. Rfe1 Ne4 19. Nxe4 Bxe4 20. f3 Bf5
21. e4 Be6 22. Rd5 Bxd5 23. exd5 Bf8 24. Kf2 e5 25. Bg5 Kg7 26. Bc1 f5 27. g3
h6 28. Re2 Kf6 29. h4 g5 30. hxg5+ hxg5 31. Re1 Be7 32. Rh1 Rh8 33. Rxh8 Rxh8
34. Kg2 Kg6 35. Bd2 Rd8 36. Be1 Bf8 37. Bd2 Bh6 38. Kf2 g4 39. fxg4 fxg4 40.
Kg2 Bxd2 41. Nxd2 Kf6 42. Ne4+ Kf5 43. Nd2 Rd7 44. c4 e4 45. Kf2 Ke5 46. Ke3
Rf7 47. b3 a5 48. a3 Rb7 49. a4 Rf7 50. Ke2 Kd4 51. Ke1 e3 52. Nf1 Kd3 53. Nh2
e2 0-1

[Event "Division Honor Aragonesa Grupo B"]
[Site "Aragon"]
[Date "2017.02.25"]
[Round "5.29"]
[White "Gines Esteo, Pedro Antonio"]
[Black "Del Rey, Diego"]
[Result "0-1"]
[WhiteElo "2325"]
[BlackElo "2356"]
[PlyCount "68"]
[EventDate "2017.01.28"]
[WhiteTeam "Jaque"]
[BlackTeam "El Olivar"]

1. d4 d6 2. Nf3 Nf6 3. c4 g6 4. Nc3 Bg7 5. e4 Nbd7 6. Be3 e5 7. Be2 O-O 8. O-O
Re8 9. d5 Nh5 10. g3 Bf8 11. Ne1 Ng7 12. Nd3 f5 13. exf5 Nxf5 14. Ne4 Nf6 15.
Bg5 Be7 16. Bxf6 Bxf6 17. Bg4 Bg7 18. Kg2 Rf8 19. c5 h5 20. Bh3 Bh6 21. b4 b6
22. cxd6 cxd6 23. Bxf5 Bxf5 24. f3 Rc8 25. Qb3 g5 26. Ndf2 g4 27. fxg4 hxg4 28.
Rg1 b5 29. a4 bxa4 30. Qxa4 Qb6 31. Qa5 Qd4 32. Nxd6 Rc2 33. Nxf5 Rxf5 34. Qd8+
Bf8 0-1